Topological graph theory /
Guardado en:
| Autor Principal: | |
|---|---|
| Otros Autores: | |
| Formato: | Libro |
| Idioma: | English |
| Publicado: |
New York :
Wiley,
c1987.
|
| Series: | Wiley-Interscience series in discrete mathematics and optimization
|
| Materias: | |
| Etiquetas: |
Agregar Etiqueta
Sin Etiquetas, Sea el primero en etiquetar este registro!
|
| LEADER | 00900cam a2200265 a 4500 | ||
|---|---|---|---|
| 001 | MAT.inmabb004197 | ||
| 008 | 870305s1987####nyua#####b####001#0#eng## | ||
| 005 | 20130225160041.0 | ||
| 245 | 1 | 0 | |a Topological graph theory / |c Jonathan L. Gross, Thomas W. Tucker. |
| 260 | |a New York : |b Wiley, |c c1987. | ||
| 300 | |a xv, 351 p. : |b il. ; |c 24 cm. | ||
| 440 | 0 | |a Wiley-Interscience series in discrete mathematics and optimization | |
| 500 | |a "A Wiley-Interscience publication." | ||
| 504 | |a Incluye referencias bibliográficas (p. 319-340) e índice. | ||
| 510 | 4 | |a MR, |c 88h:05034 | |
| 020 | |a 0471049263 | ||
| 100 | 1 | |a Gross, Jonathan L. | |
| 700 | 1 | |a Tucker, Thomas W. | |
| 650 | 0 | |a Topological graph theory. | |
| 650 | 0 | |a Topology. | |
| 084 | |a 05C10 (20F32 57M15) |2 MR | ||
| 084 | |a 05C10 (20F65 57M15) |2 MR | ||
| 010 | |a 87006221 | ||
| 040 | |a DLC |c DLC |d DLC | ||
| 859 | |h 05 |i G878 |p A-6680 |b BIB. MATEMATICA | ||
